000 01723nam a2200469 c 4500
001 22990
003 ES-MaCES
005 20150929135823.0
007 cr |||||||||||
008 100422s2010 be t m000 | spa d
035 _aCES20100003261m
040 _aES-MaCES
_bspa
_cES-MaCES
041 0 _aspa
_afre
245 0 3 _aLa Estrategia (de Lisboa) después de 2010
_b: propuestas de la sociedad civil organizada : informe integrado para el Consejo Europeo 8)
_cComité Económico y Social Europeo
260 _a[Bruselas]
_bCESE
_c2010
300 _a175 p.
_c30 cm
_e1 documento pdf (1,49 mb)
500 _aTextos en español y francés
500 _aEn el pie de página: CESE 1885/2009
541 _cGratuito
650 4 _acrecimiento económico
_927094
650 4 _aempleo
_928299
650 4 _aparticipación social
_927284
650 4 _aConsejos Económicos y Sociales
_930859
650 4 _apolítica económica
_927025
650 4 _apolítica comunitaria
_930776
650 4 _arepertorio de recomendaciones prácticas
_929261
650 4 _aevaluación del impacto
_930732
650 4 _a2010-uuuu
_931983
650 4 _ainforme
_928986
653 1 0 _aMercado Único Europeo
650 4 _928300
_apolítica de empleo
650 4 _929020
_apaís de la UE
650 4 _926752
_aUE
650 4 _930664
_aconcertación social
710 2 _aComité Económico y Social Europeo
_92193
710 2 _aConsejo Europeo
_92457
787 0 _tEstrategia de Lisboa renovada 2008-2010
_w(ES-MaCES)22123
856 4 _uhttp://biblioteca.ces.es/repintra/47-27243.pdf
_ytexto completo
_z[intranet]
902 _aDOC Literatura gris
942 _2CES
_cBK
_h1.0.
999 _c22990
_d22990